Willy Romelus : (Record no. 30299)

MARC details
000 -LEADER
campo de control de longitud fija 01273cam a2200421 a 4500
001 - NÚMERO DE CONTROL
campo de control 40434
005 - FECHA Y HORA DE LA ÚLTIMA TRANSACCIÓN
campo de control 20230410105118.0
008 - DATOS DE LONGITUD FIJA--INFORMACIÓN GENERAL
campo de control de longitud fija 950516s1995 qucac b 000 0bfre d
035 ## - NÚMERO DE CONTROL DEL SISTEMA
Número de control de sistema (OCoLC)ocm32743828
040 ## - FUENTE DE CATALOGACIÓN
Centro catalogador/agencia de origen CaQMBN
Lengua de catalogación fre
Centro/agencia transcriptor NLC
Centro/agencia modificador OCL
016 ## - NÚMERO DE CONTROL DE UNA AGENCIA BIBLIOGRÁFICA NACIONAL
Número de control del registro 959408886
020 ## - NÚMERO INTERNACIONAL ESTÁNDAR DEL LIBRO
Número Internacional Estándar del Libro 2894281056
020 ## - NÚMERO INTERNACIONAL ESTÁNDAR DEL LIBRO
Número Internacional Estándar del Libro 9782894281055
029 0# - OTRO NÚMERO DE CONTROL DE SISTEMA (OCLC)
Identificador de la biblioteca OCLC NLC
Número de control de sistema 959408886
035 ## - NÚMERO DE CONTROL DEL SISTEMA
Número de control de sistema (OCoLC)32743828
043 ## - CÓDIGO DE ÁREA GEOGRÁFICA
Código de área geográfica nwht---
055 00 - NÚMEROS DE CLASIFICACIÓN ASIGNADOS EN CANADÁ
Número de clasificación 110 BX 4705
Número de ítem R763D 1995
082 00 - NÚMERO DE LA CLASIFICACIÓN DECIMAL DEWEY
Número de clasificación 282/.092
050 14 - SIGNATURA TOPOGRÁFICA DE LA BIBLIOTECA DEL CONGRESO
Número de clasificación CEH
100 1# - ENTRADA PRINCIPAL--NOMBRE DE PERSONA
Nombre de persona Dejean, Paul,
Fechas asociadas al nombre 1931-
245 10 - MENCIÓN DEL TÍTULO
Título Willy Romelus :
Resto del título l'eveque-courage /
Mención de responsabilidad, etc. Paul Dejean.
246 30 - FORMA VARIANTE DEL TITULO
Título propio/Titulo breve Eveque-courage
260 ## - PUBLICACIÓN, DISTRIBUCIÓN, ETC.
Lugar de publicación, distribución, etc. [LaSalle, Quebec] :
Nombre del editor, distribuidor, etc. Hurtubise HMH,
Fecha de publicación, distribución, etc. 1995.
300 ## - DESCRIPCIÓN FÍSICA
Extensión 152 p. :
Otras características físicas ill., portr. ;
Dimensiones 23 cm.
504 ## - NOTA DE BIBLIOGRAFÍA, ETC.
Nota de bibliografía, etc. Comprend des ref. bibliogr.
600 16 - PUNTO DE ACCESO ADICIONAL DE MATERIA--NOMBRE DE PERSONA
Nombre de persona Romelus, Willy,
Fechas asociadas al nombre 1931-
600 10 - PUNTO DE ACCESO ADICIONAL DE MATERIA--NOMBRE DE PERSONA
Nombre de persona Romelus, Willy,
Fechas asociadas al nombre 1931-
651 #0 - PUNTO DE ACCESO ADICIONAL DE MATERIA--NOMBRE GEOGRÁFICO
Nombre geográfico Haiti
Subdivisión general Social conditions
Subdivisión cronológica 1971-
650 #0 - PUNTO DE ACCESO ADICIONAL DE MATERIA--TÉRMINO DE MATERIA
Término de materia o nombre geográfico como elemento de entrada Catholic Church
Subdivisión geográfica Haiti
Subdivisión general Bishops
Subdivisión de forma Biography.
650 #0 - PUNTO DE ACCESO ADICIONAL DE MATERIA--TÉRMINO DE MATERIA
Término de materia o nombre geográfico como elemento de entrada Bishops
Subdivisión geográfica Haiti
Subdivisión de forma Biography.
650 #4 - PUNTO DE ACCESO ADICIONAL DE MATERIA--TÉRMINO DE MATERIA
Término de materia o nombre geográfico como elemento de entrada CEH
650 #4 - PUNTO DE ACCESO ADICIONAL DE MATERIA--TÉRMINO DE MATERIA
Término de materia o nombre geográfico como elemento de entrada Colección Estudios Haitianos
651 #6 - PUNTO DE ACCESO ADICIONAL DE MATERIA--NOMBRE GEOGRÁFICO
Nombre geográfico Haiti
Subdivisión general Conditions sociales
Subdivisión cronológica 1971-
650 #6 - PUNTO DE ACCESO ADICIONAL DE MATERIA--TÉRMINO DE MATERIA
Término de materia o nombre geográfico como elemento de entrada Eglise catholique
Subdivisión geográfica Haiti
Subdivisión general Eveques
-- Biographies.
650 #6 - PUNTO DE ACCESO ADICIONAL DE MATERIA--TÉRMINO DE MATERIA
Término de materia o nombre geográfico como elemento de entrada Eveques
Subdivisión geográfica Haiti
Subdivisión general Biographies.
942 ## - ELEMENTOS DE ENTRADA SECUNDARIOS (KOHA)
Fuente del sistema de clasificación o colocación Clasificación de Library of Congress
Tipo de ítem Koha
994 ## -
-- C0
-- DRFGD
Holdings
Estatus retirado Estado de pérdida Fuente del sistema de clasificación o colocación Estado de daño No para préstamo Colección Biblioteca de origen Biblioteca actual Ubicación en estantería Fecha de adquisición Serial enumeration / chronology Signatura topográfica completa Código de barras Visto por última vez Copia número Tipo de ítem Koha
    Clasificación de Library of Congress     Recursos Regionales Biblioteca Juan Bosch Biblioteca Juan Bosch Recursos Regionales (2do. Piso) 10/04/2023 1 CEH 00000041556 23/10/2018 1